000 00325nam a2200133 i 4500
001 bg
100 1 _aKOCIEK, Eugeniusz
245 0 _aPotencjał naukowo-badawczy przemysłu /
_cEugeniusz Kociek.
260 _aKatowice,
_c1978.
040 _cBPK
041 _apol
942 _cKS
008 s pl f |000 0 pol
999 _c17719
_d17719
856 _uhttp://koha.tu.koszalin.pl/cgi-bin/koha/opac-detail.pl?biblionumber=17719
_yKatalog online BPK